Dilapidations No. 2 (sound recording) (Record no. 85274)

MARC details
000 -LEADER
fixed length control field 00961cgm a2200241 4500
001 - CONTROL NUMBER
control field B3066
008 - FIXED-LENGTH DATA ELEMENTS--GENERAL INFORMATION
fixed length control field 090401t1989 xxu||||| |||| 00| 0 eng d
035 ## - SYSTEM CONTROL NUMBER
System control number (Sirsi) u53808
041 ## - LANGUAGE CODE
Language code of text/sound track or separate title eng
050 ## - LIBRARY OF CONGRESS CALL NUMBER
Classification number 346.410434
100 ## - MAIN ENTRY--PERSONAL NAME
Personal name Gillett, Alan
245 ## - TITLE STATEMENT
Title Dilapidations No. 2 (sound recording)
260 ## - PUBLICATION, DISTRIBUTION, ETC.
Place of publication, distribution, etc. London
Name of publisher, distributor, etc. Royal Institution of Chartered Surveyors
Date of publication, distribution, etc. 1989
300 ## - PHYSICAL DESCRIPTION
Extent 1 sound cassette (60 min.)
350 ## - PRICE (NR) (BK AM CF MU VM SE) [OBSOLETE]
Price 10
490 ## - SERIES STATEMENT
Series statement Owlion Audio Programme
520 ## - SUMMARY, ETC.
Summary, etc. UPDATED BY DILAPIDATIONS 1996 (J4012)Published jointly with the College of Estate Management . This programme gives further useful and interesting guidance on law and practice for those inspecting properties and advising clients where there is obligation to repair. Also included are comments on recent decisions involving the law of dilapidations.
650 ## - SUBJECT ADDED ENTRY--TOPICAL TERM
Topical term or geographic name entry element AUDIO CASSETTES
700 ## - ADDED ENTRY--PERSONAL NAME
Personal name Melville, Ian
700 ## - ADDED ENTRY--PERSONAL NAME
Personal name Smith, Peter
942 ## - ADDED ENTRY ELEMENTS (KOHA)
Suppress in OPAC 0
948 ## - LOCAL PROCESSING INFORMATION (OCLC); SERIES PART DESIGNATOR (RLIN)
c (OCLC) 04/03/1997
Holdings
Withdrawn status Lost status Source of classification or shelving scheme Damaged status Not for loan Home library Current library Shelving location Date acquired Cost, normal purchase price Total Checkouts Full call number Barcode Date last seen Date last checked out Copy number Cost, replacement price Price effective from Koha item type
    Dewey Decimal Classification     London London Basement 14/09/1999 10.00 19 SHELF 330 30057710 06/08/2019 16/10/2003 1 10.00 06/08/2019 Audio